00295nam a22001217a 4500020001800000041000800018082001600026100002200042245005100064260002300115300000800138650002700146 a9788184654523 aENG a248.22bRED aRedfern, Alastair aLiving in love : mysticism in a material world aDelhibISPCKc2014 a144 aMissionsaBible.--John